Media in the XXI century: information or manipulation
Médiá v 21. storočí - informácia alebo manipulácia. Masmédiá v liberálnej demokracii a trhová ekonomika. Monopolizácia obsahu poskytovaného masmédiami. Manipulácia na národnej a globálnej úrovni.
Enregistré dans:
| Auteur principal: | |
|---|---|
| Autres auteurs: | |
| Format: | Chapitre de livre |
| Langue: | anglais |
| Sujets: | |
| Tags: |
Pas de tags, Soyez le premier à ajouter un tag!
|
MARC
| LEADER | 00000naa a2200000 4500 | ||
|---|---|---|---|
| 001 | 0166272 | ||
| 005 | 20231207093633.0 | ||
| 041 | 0 | |a eng | |
| 044 | |a SK | ||
| 245 | 1 | 0 | |a Media in the XXI century: information or manipulation |c Artur Życki, Donat Jerzy Mierzejewski |
| 520 | |a Médiá v 21. storočí - informácia alebo manipulácia. Masmédiá v liberálnej demokracii a trhová ekonomika. Monopolizácia obsahu poskytovaného masmédiami. Manipulácia na národnej a globálnej úrovni. | ||
| 610 | 2 | 0 | |a internet |
| 610 | 2 | 0 | |a médiá |
| 610 | 2 | 0 | |a informácie |
| 610 | 2 | 0 | |a demokracia |
| 100 | 1 | |a Życki, Artur | |
| 700 | 1 | |a Mierzejewski, Donat Jerzy | |